000 00368nam a2200145 4500
005 20260515144744.0
020 _a9788197358913
082 _a519.5
_bPAR.P
084 _2Colon Classification
100 _aParul Mehta
_914716
245 _aProbability and Statistics for Data Science
260 _aJaipur:
_bYking books;
_c2024.
300 _a240p.
942 _2ddc
_cBK
999 _c759610
_d759610